01013nam a22003137a 45000010005000000030009000050050017000140070005000310080045000360200015000810400022000960410013001180920021001311000021001522450103001732460021002762600042002973000027003394900026003665000042003927000020004347000028004548300026004829420012005089450027005209520116005479560021006639990015006840074DO-SdBNP20180222100121.00074151106b 1978 sp a || |||| 00| 0 spa d a8427243383 aBPMSUbspacBPMSU17aspaheng axxxxxxxbxxxxxxx10aSobol, Donald J.10aSigue todas las pistas /cDonald J. Sobol ; traducción C. Loner ; ilustración Leonard Shortall10aTracks them down aBarcelona, España :bMolino,c1978. a109 p. :bil.,c20 cm.10aEnciclopedia Brownv8 aIncluye notas al pie de las páginas10aLoner, C.,etr.10aShortall, Leonard,eil.00aEnciclopedia Brownn8 2ddccBK aInventariado, 2018/ YL 00102ddc40708CI-GaBPMETbBPMETd2015-11-06eDonado por Fundil0pBPMSU15110111r2015-11-06w2015-11-06yBK aBrenda Tavárez c8595d8595